000 00247nam a2200109Ia 4500
999 _c7697
_d7697
020 _a978-93-325-5530-3
100 _aF. S. Hill , JR
245 0 _aComputer Graphics Using Open GL
260 _aIndia
_bEducation
_c2000
300 _a922
942 _cBK